| 000 | 00653nam a2200193Ia 4500 | ||
|---|---|---|---|
| 003 | IN-BaIIA | ||
| 008 | 211028s9999 xx 000 0 eng d | ||
| 040 | _cIIA Library | ||
| 080 |
_a52-74(082.2) _bTHE |
||
| 245 | 4 |
_aThe universe at ultraviolet wavelengths _cedited by Robert D. Chapman |
|
| 260 |
_aMaryland _bNational Aeronautics and Space Administration _c1981 |
||
| 300 | _a[various pagings.] | ||
| 650 |
_aAstronomy _980 |
||
| 650 | _aAstronomy and astrophysics thesaurus | ||
| 650 |
_aSpace astronomy _93005 |
||
| 650 |
_aUltra-violet astronomy _911718 |
||
| 700 |
_aChapman, Robert D., ed. _911719 |
||
| 942 | _cBK | ||
| 999 |
_c6834 _d6834 |
||